书目信息 |
| 题名: |
液压与气压传动
|
|
| 作者: | 周德繁 , 于晓东 主编 | |
| 分册: | ||
| 出版信息: | 哈尔滨 哈尔滨工业大学出版社 2021 |
|
| 页数: | 315页 | |
| 开本: | 26cm | |
| 丛书名: | ||
| 单 册: | ||
| 中图分类: | TH137 , TH138 | |
| 科图分类: | ||
| 主题词: | 液压传动--高等学校--教材 , 气压传动--高等学校--教材 | |
| 电子资源: | ||
| ISBN: | 978-7-5603-7401-7 | |
| 000 | 01301nam0 2200301 450 | |
| 001 | 2243065753 | |
| 005 | 20220918115859.03 | |
| 010 | @a978-7-5603-7401-7@dCNY46.80 | |
| 100 | @a20210816d2021 em y0chiy50 ea | |
| 101 | 0 | @achi |
| 102 | @aCN@b230000 | |
| 105 | @aak az 000yy | |
| 200 | 1 | @a液压与气压传动@9ye ya yu qi ya zhuan dong@dHydraulic and pneumatic drive@f周德繁, 于晓东主编@zeng |
| 205 | @a3版 | |
| 210 | @a哈尔滨@c哈尔滨工业大学出版社@d2021 | |
| 215 | @a315页@c图@d26cm | |
| 300 | @a应用型本科院校“十三五”规划教材/机械类 | |
| 320 | @a有书目(第314-315页) | |
| 330 | @a全书共分为两篇。第一篇为液压传动,第二篇为气压传动。液压传动部分主要包括:液压传动的基本知识以及流体力学的基本理论,液压元件的结构、原理、性能以及选用,液压基本回路、典型液压系统的组成、功能、特点以及应用情况,液压系统的设计计算方法与实例。气压传动部分主要包括:气压传动基础知识,气动元件,气源装置以及辅件,气动回路,气动系统的设计方法与应用实例,液压气动系统的使用与维护及故障诊断与排除方法。 | |
| 510 | 1 | @aHydraulic and pneumatic drive@zeng |
| 606 | 0 | @a液压传动@x高等学校@j教材 |
| 606 | 0 | @a气压传动@x高等学校@j教材 |
| 690 | @aTH137@v5 | |
| 690 | @aTH138@v5 | |
| 701 | 0 | @a周德繁@9zhou de fan@4主编 |
| 701 | 0 | @a于晓东@9yu xiao dong@4主编 |
| 801 | 0 | @aCN@b91MARC@c20210918 |
| 905 | @aZUCC@dTH137@e19-3 | |
| 液压与气压传动=Hydraulic and pneumatic drive/周德繁, 于晓东主编.-3版.-哈尔滨:哈尔滨工业大学出版社,2021 |
| 315页:图;26cm |
| 应用型本科院校“十三五”规划教材/机械类 |
| ISBN 978-7-5603-7401-7:CNY46.80 |
| 全书共分为两篇。第一篇为液压传动,第二篇为气压传动。液压传动部分主要包括:液压传动的基本知识以及流体力学的基本理论,液压元件的结构、原理、性能以及选用,液压基本回路、典型液压系统的组成、功能、特点以及应用情况,液压系统的设计计算方法与实例。气压传动部分主要包括:气压传动基础知识,气动元件,气源装置以及辅件,气动回路,气动系统的设计方法与应用实例,液压气动系统的使用与维护及故障诊断与排除方法。 |
| ● |
| 相关链接 |
|
|
|
正题名:液压与气压传动
索取号:TH137/19-3
 
预约/预借
| 序号 | 登录号 | 条形码 | 馆藏地/架位号 | 状态 | 备注 |
| 1 | 2000897590 | 2000897590 | 第三书库/ [索取号:TH137/19-3] | 在馆 | |
| 2 | 2000897591 | 2000897591 | 第三书库/ [索取号:TH137/19-3] | 在馆 | |
| 3 | 2000897592 | 2000897592 | 第三书库/ [索取号:TH137/19-3] | 在馆 |